When the soldiers were gone (Record no. 26188)

MARC details
000 -LEADER
fixed length control field 00608nam a22002057a 4500
003 - CONTROL NUMBER IDENTIFIER
control field OSt
005 - DATE AND TIME OF LATEST TRANSACTION
control field 20260703160811.0
008 - FIXED-LENGTH DATA ELEMENTS--GENERAL INFORMATION
fixed length control field 260703b |||||||| |||| 00| 0 eng d
020 ## - INTERNATIONAL STANDARD BOOK NUMBER
International Standard Book Number 0-399-23325-3
040 ## - CATALOGING SOURCE
Transcribing agency Chuka University Library
050 ## - LIBRARY OF CONGRESS CALL NUMBER
Classification number PZ 7
Item number .P7 1999
100 ## - MAIN ENTRY--PERSONAL NAME
Personal name Vera W. Propp
9 (RLIN) 33141
245 ## - TITLE STATEMENT
Title When the soldiers were gone
260 ## - PUBLICATION, DISTRIBUTION, ETC.
Place of publication, distribution, etc. USA
Name of publisher, distributor, etc. Puffin Books
Date of publication, distribution, etc. 1999
300 ## - PHYSICAL DESCRIPTION
Extent 101P.
650 ## - SUBJECT ADDED ENTRY--TOPICAL TERM
Topical term or geographic name entry element Jews -- Netherlands -- Juvenile fiction
9 (RLIN) 33142
650 ## - SUBJECT ADDED ENTRY--TOPICAL TERM
Topical term or geographic name entry element Netherlands -- history -- German occupation
9 (RLIN) 33143
650 ## - SUBJECT ADDED ENTRY--TOPICAL TERM
Topical term or geographic name entry element Parents and child-- fiction
9 (RLIN) 33144
942 ## - ADDED ENTRY ELEMENTS (KOHA)
Source of classification or shelving scheme Library of Congress Classification
Koha item type Short Loan Books
Suppress in OPAC No
Holdings
Withdrawn status Lost status Source of classification or shelving scheme Damaged status Not for loan Collection Home library Current library Shelving location Date acquired Source of acquisition Total Checkouts Full call number Date last seen Copy number Price effective from Koha item type
    Library of Congress Classification     General Collection Books Main Campus Library Main Campus Library General Stacks 03/07/2026 Donations From Books For Africa   PZ 7 .P7 1999 03/07/2026 1 03/07/2026 Short Loan Books

Powered by Koha